Description et usage des principaux instruments d' astronomie / (Record no. 157373)
[ view plain ]
| 000 -LEADER | |
|---|---|
| campo de control de longitud fija | 01317nam a2200301 i 4500 |
| 001 - NÚMERO DE CONTROL | |
| campo de control | 157373 |
| 003 - IDENTIFICADOR DE NÚMERO DE CONTROL | |
| campo de control | ES-MaACL |
| 005 - FECHA Y HORA DE LA ÚLTIMA TRANSACCIÓN | |
| campo de control | 20251013181301.0 |
| 008 - DATOS DE LONGITUD FIJA--INFORMACIÓN GENERAL | |
| campo de control de longitud fija | 980916 1774 af |||| | fre d |
| 040 ## - FUENTE DE CATALOGACIÓN | |
| Centro catalogador/agencia de origen | CYL |
| Lengua de catalogación | spa |
| Centro/agencia transcriptor | CYL |
| 100 1# - ENTRADA PRINCIPAL--NOMBRE DE PERSONA | |
| Nombre de persona | Le Monnier, Pierre-Charles, |
| Fechas asociadas al nombre | 1715-1799 |
| 9 (RLIN) | 153982 |
| 245 10 - MENCIÓN DEL TÍTULO | |
| Título | Description et usage des principaux instruments d' astronomie / |
| Mención de responsabilidad, etc. | [par M. Le Monnier]. |
| 260 ## - PUBLICACIÓN, DISTRIBUCIÓN, ETC. | |
| Lugar de publicación, distribución, etc. | [S.l. : |
| Nombre del editor, distribuidor, etc. | s.n.], |
| Fecha de publicación, distribución, etc. | 1774. |
| 300 ## - DESCRIPCIÓN FÍSICA | |
| Extensión | IV, 60 p., 14 h. de grab. pleg. : |
| Otras características físicas | il. ; |
| Dimensiones | Fol. (41 cm) |
| 490 1# - MENCIÓN DE SERIE | |
| Mención de serie | Descriptions des arts et métiers faites ou approuvées par Messieurs de l'Académie Royale des Sciences |
| 530 ## - NOTA DISPONIBLE DE FORMULARIO FÍSICO ADICIONAL | |
| Nota de formato físico adicional disponible | Disponible en formato digital. |
| 594 ## - Nota al título y mención de responsabilidad | |
| Nota al título y mención de responsabilidad | Tít. y autor tomados de prelim. |
| 596 ## - NOTA AL PIE DE IMPRENTA | |
| NOTA AL PIE DE IMPRENTA | Fecha tomada de antep. |
| 597 ## - NOTA DE DESCRIPCIÓN FÍSICA | |
| NOTA DE DESCRIPCIÓN FÍSICA | Sign.: []2, A-P2. |
| 599 ## - NOTA A LAS ILUSTRACIONES | |
| NOTA A LAS ILUSTRACIONES | Las h. de grab. calc.: "Goussier del., Bernard sculp." agrupadas al final del texto. |
| 650 #7 - PUNTO DE ACCESO ADICIONAL DE MATERIA--TÉRMINO DE MATERIA | |
| Término de materia o nombre geográfico como elemento de entrada | Astronomía- |
| Subdivisión general | Aparatos e instrumentos |
| Fuente del encabezamiento o término | |
| 9 (RLIN) | 170203 |
| 700 1# - ENTRADA AGREGADA--NOMBRE PERSONAL | |
| Nombre de persona | Goussier, Louis-Jacques ( |
| Fechas asociadas al nombre | 1722-1799) |
| 9 (RLIN) | 153983 |
| 700 1# - ENTRADA AGREGADA--NOMBRE PERSONAL | |
| Nombre de persona | Bénard, Robert, |
| Fechas asociadas al nombre | 1734-17.. |
| 9 (RLIN) | 153984 |
| 830 00 - PUNTO DE ACCESO ADICIONAL DE SERIE-TÍTULO UNIFORME | |
| Título uniforme | Descriptions des arts et métiers |
| 9 (RLIN) | 241750 |
| 852 ## - LOCALIZACIÓN | |
| Ubicación | ES-MaACL |
| Número de control de estantería | R-52(3) |
| Nota libre | - Enc. hol. |
| Encuadernación | Olim: C-10827-70 |
| 856 ## - LOCALIZACIÓN Y ACCESO ELECTRÓNICOS | |
| Identificador Uniforme de Recursos | <a href="http://gallica.bnf.fr/ark:/12148/bpt6k1067618r?rk=21459;2 ">http://gallica.bnf.fr/ark:/12148/bpt6k1067618r?rk=21459;2 </a> |
| Nota pública | BNF-Gallica |
| Estatus retirado | Estado de pérdida | Estado de daño | No para préstamo | Colección | Biblioteca de origen | Biblioteca actual | Ubicación en estantería | Fecha de adquisición | Fuente de adquisición | Total de préstamos | Signatura topográfica completa | Código de barras | Visto por última vez | Precio de reemplazo | Tipo de ítem Koha |
|---|---|---|---|---|---|---|---|---|---|---|---|---|---|---|---|
| Colección digital | Biblioteca del Ateneo de Madrid | Biblioteca del Ateneo de Madrid | Depósito | 17/01/2008 | R-52(3) | 1164690 | 23/02/2023 | 23/02/2023 | Libro impreso antiguo |
